The molecular and hormonal basis of plant-growth regulation

Sparad:
Bibliografiska uppgifter
Huvudupphovsman: Leshem, Ya'acov
Materialtyp: Bok
Språk:engelska
Publicerad: Oxford Pergamon 1973
Ämnen:
Taggar: Lägg till en tagg
Inga taggar, Lägg till första taggen!

MARC

LEADER 00000nam a2200000 a 4500
001 UCT5451
003 CL-VaPUC
005 20241021115939.0
008 961211e19730000UK |||||||||||||||||eng|d
999 |c 254381  |d 254379 
040 |c Pontificia Universidad Católica de Valparaíso 
082 0 4 |a 581.183 LES 1973  |2 21 
100 0 |a Leshem, Ya'acov  |9 374914 
245 1 4 |a The molecular and hormonal basis of plant-growth regulation 
260 0 3 |a Oxford  |b Pergamon  |c 1973 
300 |a 156 páginas 
583 |a last modification  |c 19961211 00:00:00  |k Rodrigo Vera 
650 0 |a Moléculas   |9 259584 
650 7 |a HORMONAS  |2 CL-VaPUC  |9 269554 
650 0 |a Botánica  |9 264202 
650 7 |a CRECIMIENTO  |2 CL-VaPUC  |9 374915 
650 0 |a Crecimiento de las plantas  |9 334405 
650 0 |a Hormonas vegetales  |9 264717 
942 |c BK  |2 ddc 
945 |d 19961211 00:00:00  |a paguirre 
952 |0 0  |1 0  |2 ddc  |4 0  |6 581_183000000000000_LES_1973  |7 0  |8 A  |9 276028  |a BIBCUR  |b BIBCUR  |d 2019-11-19  |i 1795872  |l 1  |o 581.183 LES 1973  |p 1795872  |r 2025-04-22  |s 2022-04-08  |t 1  |w 2019-11-19  |y BK  |k BIO